|
|
|
|
| LEADER |
04335nam a2200553 4500 |
| 001 |
978-3-030-12025-2 |
| 003 |
DE-He213 |
| 005 |
20191027151747.0 |
| 007 |
cr nn 008mamaa |
| 008 |
190130s2019 gw | s |||| 0|eng d |
| 020 |
|
|
|a 9783030120252
|9 978-3-030-12025-2
|
| 024 |
7 |
|
|a 10.1007/978-3-030-12025-2
|2 doi
|
| 040 |
|
|
|d GrThAP
|
| 050 |
|
4 |
|a TA329-348
|
| 072 |
|
7 |
|a TBJ
|2 bicssc
|
| 072 |
|
7 |
|a TEC009000
|2 bisacsh
|
| 072 |
|
7 |
|a TBJ
|2 thema
|
| 082 |
0 |
4 |
|a 620.00151
|2 23
|
| 100 |
1 |
|
|a Martínez-Guerra, Rafael.
|e author.
|4 aut
|4 http://id.loc.gov/vocabulary/relators/aut
|
| 245 |
1 |
0 |
|a Algebraic and Differential Methods for Nonlinear Control Theory
|h [electronic resource] :
|b Elements of Commutative Algebra and Algebraic Geometry /
|c by Rafael Martínez-Guerra, Oscar Martínez-Fuentes, Juan Javier Montesinos-García.
|
| 250 |
|
|
|a 1st ed. 2019.
|
| 264 |
|
1 |
|a Cham :
|b Springer International Publishing :
|b Imprint: Springer,
|c 2019.
|
| 300 |
|
|
|a XIV, 196 p. 13 illus., 11 illus. in color.
|b online resource.
|
| 336 |
|
|
|a text
|b txt
|2 rdacontent
|
| 337 |
|
|
|a computer
|b c
|2 rdamedia
|
| 338 |
|
|
|a online resource
|b cr
|2 rdacarrier
|
| 347 |
|
|
|a text file
|b PDF
|2 rda
|
| 490 |
1 |
|
|a Mathematical and Analytical Techniques with Applications to Engineering,
|x 1559-7458
|
| 505 |
0 |
|
|a Mathematical Background -- Group Theory -- Rings -- Matrices and linear equations systems -- Permutations and Determinants -- Vector and Euclidean Spaces -- Linear Transformations -- Matrix Diagonalization and Jordan Canonical Form -- Differential Equations -- Differential Algebra for Nonlinear Control Theory -- Appendix -- Index.
|
| 520 |
|
|
|a This book is a short primer in engineering mathematics with a view on applications in nonlinear control theory. In particular, it introduces some elementary concepts of commutative algebra and algebraic geometry which offer a set of tools quite different from the traditional approaches to the subject matter. This text begins with the study of elementary set and map theory. Chapters 2 and 3 on group theory and rings, respectively, are included because of their important relation to linear algebra, the group of invertible linear maps (or matrices) and the ring of linear maps of a vector space. Homomorphisms and Ideals are dealt with as well at this stage. Chapter 4 is devoted to the theory of matrices and systems of linear equations. Chapter 5 gives some information on permutations, determinants and the inverse of a matrix. Chapter 6 tackles vector spaces over a field, Chapter 7 treats linear maps resp. linear transformations, and in addition the application in linear control theory of some abstract theorems such as the concept of a kernel, the image and dimension of vector spaces are illustrated. Chapter 8 considers the diagonalization of a matrix and their canonical forms. Chapter 9 provides a brief introduction to elementary methods for solving differential equations and, finally, in Chapter 10, nonlinear control theory is introduced from the point of view of differential algebra.
|
| 650 |
|
0 |
|a Engineering mathematics.
|
| 650 |
|
0 |
|a Statistical physics.
|
| 650 |
|
0 |
|a Control engineering.
|
| 650 |
|
0 |
|a System theory.
|
| 650 |
1 |
4 |
|a Engineering Mathematics.
|0 http://scigraph.springernature.com/things/product-market-codes/T11030
|
| 650 |
2 |
4 |
|a Applications of Nonlinear Dynamics and Chaos Theory.
|0 http://scigraph.springernature.com/things/product-market-codes/P33020
|
| 650 |
2 |
4 |
|a Control and Systems Theory.
|0 http://scigraph.springernature.com/things/product-market-codes/T19010
|
| 650 |
2 |
4 |
|a Systems Theory, Control.
|0 http://scigraph.springernature.com/things/product-market-codes/M13070
|
| 700 |
1 |
|
|a Martínez-Fuentes, Oscar.
|e author.
|4 aut
|4 http://id.loc.gov/vocabulary/relators/aut
|
| 700 |
1 |
|
|a Montesinos-García, Juan Javier.
|e author.
|4 aut
|4 http://id.loc.gov/vocabulary/relators/aut
|
| 710 |
2 |
|
|a SpringerLink (Online service)
|
| 773 |
0 |
|
|t Springer eBooks
|
| 776 |
0 |
8 |
|i Printed edition:
|z 9783030120245
|
| 776 |
0 |
8 |
|i Printed edition:
|z 9783030120269
|
| 776 |
0 |
8 |
|i Printed edition:
|z 9783030120276
|
| 830 |
|
0 |
|a Mathematical and Analytical Techniques with Applications to Engineering,
|x 1559-7458
|
| 856 |
4 |
0 |
|u https://doi.org/10.1007/978-3-030-12025-2
|z Full Text via HEAL-Link
|
| 912 |
|
|
|a ZDB-2-ENG
|
| 950 |
|
|
|a Engineering (Springer-11647)
|